000 00310nam a22001457a 4500
008 230322b ||||| |||| 00| 0 eng d
020 _a2901285769607
041 _aeng
080 _a37
082 _a37MIL
100 _a22
101 _aEDUKIM
245 _aKEYS FOR WRITERS
_cMILLER.K.S
942 _2udc
_cBK
999 _c59427
_d59427